[Event "66. BEM 2012"]
[Site "Dortmund"]
[Date "2012.03.13"]
[Round "8.1"]
[White "Schmittdiel, Eckhard"]
[Black "Begna, Bozidar"]
[Result "1-0"]
[WhiteElo "2408"]
[BlackElo "2000"]
[Annotator "P. Schulenburg"]
[PlyCount "77"]
[EventDate "2012.??.??"]
[Source "SG Dortmund"]
[SourceDate "2004.12.16"]

1. c4 e5 2. Nc3 Bb4 3. Qc2 Nc6 4. Nf3 a5 5. e3 Nf6 6. Nd5 Bc5 7. a3 O-O 8. Ng5
g6 9. Nxf6+ Qxf6 10. Ne4 Qe7 11. b3 d6 12. Be2 Nd8 13. Nxc5 dxc5 14. Bb2 Bf5
15. d3 Nc6 16. Bf3 Rad8 17. O-O-O Qd6 18. Qc3 f6 19. g4 Be6 20. h4 a4 21. bxa4
Ra8 22. Rhg1 Rxa4 23. g5 Raa8 24. Be4 f5 25. Bxc6 bxc6 26. f4 Bf7 27. Kc2 Qe6
28. Ra1 Rfb8 29. Qxe5 Qxe5 30. Bxe5 Rb7 31. Rgb1 Rba7 32. Rb3 Kf8 33. a4 Ke7
34. Rba3 Kd7 35. a5 Be6 36. Bc3 Ke7 37. Rb3 Bc8 38. h5 gxh5 39. Rh1 1-0

[Event "66. BEM 2012"]
[Site "Dortmund"]
[Date "2012.03.13"]
[Round "8.2"]
[White "Raskin, Vitali"]
[Black "Jelica, Mara"]
[Result "0-1"]
[WhiteElo "1667"]
[BlackElo "2221"]
[Annotator "P. Schulenburg"]
[PlyCount "142"]
[EventDate "2012.??.??"]
[Source "SG Dortmund"]
[SourceDate "2004.12.16"]

1. d4 d5 2. c4 Nc6 3. e3 Bf5 4. cxd5 Qxd5 5. Nc3 Qd7 6. Nf3 a6 7. e4 Bg4 8. d5
Nd8 9. h3 Bxf3 10. Qxf3 e5 11. Be2 f6 12. O-O Nf7 13. Qe3 h5 14. a3 g5 15. b4
Bd6 16. b5 axb5 17. Bxb5 c6 18. dxc6 bxc6 19. Bc4 g4 20. h4 Qa7 21. Qd3 Qd4 22.
Rd1 Qxd3 23. Rxd3 Bc5 24. Bxf7+ Kxf7 25. Ne2 Ne7 26. Be3 Bxe3 27. Rxe3 Ng6 28.
g3 Ra4 29. Nc3 Rc4 30. a4 Ra8 31. a5 Ra6 32. Kf1 Rc5 33. Rd3 Rcxa5 34. Rd7+ Ne7
35. Rad1 Ra1 36. Ke2 Rxd1 37. Nxd1 Ra2+ 38. Kd3 Ke6 39. Rb7 Ra4 40. Nc3 Rd4+
41. Ke2 Rd8 42. Ra7 Kd6 43. Ra5 Nc8 44. Ra8 Kc7 45. Ra1 Rd4 46. Rc1 Kd6 47. f3
gxf3+ 48. Kxf3 Rd3+ 49. Kf2 Nb6 50. Rd1 Rxd1 51. Nxd1 Nc4 52. Ke2 Ke6 53. Kd3
Nd6 54. Ne3 f5 55. exf5+ Nxf5 56. Nf1 Kd5 57. Ke2 e4 58. g4 hxg4 59. h5 Kd4 60.
Kf2 Kd3 61. Ke1 e3 62. Ng3 Nh6 63. Ne2 c5 64. Nf4+ Ke4 65. Ng2 Kf3 66. Nh4+ Kf4
67. Ng2+ Kf3 68. Nh4+ Ke4 69. Ke2 Nf5 70. Nxf5 Kxf5 71. Kxe3 c4 0-1

[Event "66. BEM 2012"]
[Site "Dortmund"]
[Date "2012.03.13"]
[Round "8.3"]
[White "Zelt, Jens"]
[Black "Rossa, Daniel"]
[Result "1-0"]
[WhiteElo "1993"]
[BlackElo "1811"]
[Annotator "P. Schulenburg"]
[PlyCount "71"]
[EventDate "2012.??.??"]
[Source "SG Dortmund"]
[SourceDate "2004.12.16"]

1. d4 Nf6 2. Nf3 g6 3. b3 Bg7 4. Bb2 d5 5. e3 O-O 6. Nbd2 a5 7. a3 Nbd7 8. c4
c6 9. Bd3 Re8 10. h3 Nf8 11. Qc2 Qd6 12. O-O N6d7 13. cxd5 cxd5 14. Bb5 Rd8 15.
Rfd1 Nf6 16. Bd3 Bd7 17. a4 Rdc8 18. Qb1 Qb8 19. Ba3 e6 20. Ne5 Be8 21. Rc1
N8d7 22. Ndf3 Nxe5 23. dxe5 Rxc1+ 24. Qxc1 Ne4 25. Bxe4 dxe4 26. Bd6 Qc8 27.
Nd4 Bf8 28. Bxf8 Kxf8 29. Qa3+ Kg7 30. Rc1 Qb8 31. Qe7 Qxe5 32. Qxb7 Rb8 33.
Qa7 Rd8 34. Qe7 Rb8 35. Rc7 Qf6 36. Nxe6+ 1-0

[Event "66. BEM 2012"]
[Site "Dortmund"]
[Date "2012.03.13"]
[Round "8.4"]
[White "Kropp, Andreas"]
[Black "Gitschel, Ralf"]
[Result "1/2-1/2"]
[WhiteElo "1940"]
[BlackElo "1860"]
[Annotator "P. Schulenburg"]
[PlyCount "79"]
[EventDate "2012.??.??"]
[Source "SG Dortmund"]
[SourceDate "2004.12.16"]

1. d4 d5 2. Nf3 c6 3. c4 e6 4. e3 Nf6 5. Nc3 Be7 6. Bd3 O-O 7. O-O Nbd7 8. Qe2
Re8 9. Rd1 Nf8 10. e4 dxe4 11. Nxe4 Nxe4 12. Qxe4 Bf6 13. Bf4 b6 14. Qxc6 Bd7
15. Qe4 Rc8 16. Ne5 Bxe5 17. Bxe5 Qg5 18. h4 Qh5 19. Be2 Bc6 20. Bxh5 Bxe4 21.
Rac1 Ng6 22. Bg3 Ne7 23. Bf3 Bxf3 24. gxf3 Red8 25. Kf1 h5 26. Rc3 Rd7 27. Ke2
Rcd8 28. Rcd3 f6 29. c5 Rd5 30. cxb6 axb6 31. Bc7 R8d7 32. Bxb6 Ng6 33. Re3 Rb5
34. Rb3 Rxb3 35. axb3 Rb7 {(=)} 36. Ba5 Nxh4 37. Rd3 Rb5 38. Bc7 Nf5 39. Bf4
Rxb3 40. Rd2 1/2-1/2

[Event "66. BEM 2012"]
[Site "Dortmund"]
[Date "2012.03.13"]
[Round "8.5"]
[White "Schiefelbusch, Dirk"]
[Black "Morawietz, Manuel"]
[Result "1/2-1/2"]
[WhiteElo "2048"]
[BlackElo "1836"]
[Annotator "P. Schulenburg"]
[PlyCount "112"]
[EventDate "2012.??.??"]
[Source "SG Dortmund"]
[SourceDate "2004.12.16"]

1. b4 e5 2. Bb2 Bxb4 3. Bxe5 Nf6 4. c4 O-O 5. e3 d6 6. Bb2 c6 7. Nc3 Bf5 8. Nf3
Nbd7 9. d4 Qa5 10. Qb3 Ne4 11. Rc1 Ndf6 12. a3 Bxc3+ 13. Bxc3 Nxc3 14. Qxc3
Qxc3+ 15. Rxc3 b6 16. Bd3 Bxd3 17. Rxd3 Ne4 18. Nd2 f5 19. Ke2 Rf7 20. Rb1 Kf8
21. a4 Rb8 22. Rdb3 Nxd2 23. Kxd2 Rfb7 24. Kd3 Ke7 25. f3 Ke6 26. e4 fxe4+ 27.
fxe4 Rf7 28. a5 Rf2 29. axb6 axb6 30. Rxb6 Ra8 31. R1b3 Rxg2 32. Rxc6 Rxh2 33.
c5 Rh3+ 34. Kc4 Rxb3 35. Rxd6+ Kf7 36. Kxb3 h5 37. Rd5 g6 38. c6 h4 39. Rd7+
Ke6 40. Rh7 Kd6 41. Rg7 Rh8 42. Rxg6+ Kc7 43. d5 h3 44. Rg1 Rh4 45. Rh1 Kd6 {
(=)} 46. Rc1 h2 47. c7 Rh8 48. Kb4 Rc8 49. Rc6+ Ke5 50. Re6+ Kd4 51. Rh6 Rxc7
52. d6 Rb7+ 53. Ka5 Kc5 54. Ka6 Rb6+ 55. Ka7 Rxd6 56. Rxh2 Re6 1/2-1/2

[Event "66. BEM 2012"]
[Site "Dortmund"]
[Date "2012.03.13"]
[Round "8.7"]
[White "Lauche, Christoph"]
[Black "Vojdani, Bahram"]
[Result "1-0"]
[WhiteElo "1841"]
[BlackElo "1664"]
[Annotator "P. Schulenburg"]
[PlyCount "55"]
[EventDate "2012.??.??"]
[Source "SG Dortmund"]
[SourceDate "2004.12.16"]

1. e4 e6 2. Nf3 d5 3. e5 c5 4. b4 cxb4 5. d4 Nc6 6. a3 a6 7. axb4 Bxb4+ 8. c3
Be7 9. Bd3 Bd7 10. O-O Nh6 11. Re1 Rc8 12. Nbd2 Na5 13. Bb2 Rc6 14. Qb1 b5 15.
Ra2 Nc4 16. Nxc4 bxc4 17. Bc2 Rb6 18. Qa1 Bb5 19. Qd1 Qb8 20. Bc1 Qd8 21. Nd2
g5 22. Qh5 Nf5 23. Bxf5 exf5 24. e6 Rf8 25. Nf3 h6 26. Rae2 Qc8 27. exf7+ Rxf7
28. Rxe7+ {und Schwarz ueberschritt die Zeit} 1-0

[Event "66. BEM 2012"]
[Site "Dortmund"]
[Date "2012.03.13"]
[Round "8.10"]
[White "Milonas, Georgios"]
[Black "Hlopotov, Oleg"]
[Result "1/2-1/2"]
[WhiteElo "1583"]
[BlackElo "1701"]
[Annotator "P. Schulenburg"]
[PlyCount "45"]
[EventDate "2012.??.??"]
[Source "SG Dortmund"]
[SourceDate "2004.12.16"]

1. e4 c5 2. Nf3 Nc6 3. d4 cxd4 4. Nxd4 e5 5. Nb5 d6 6. c4 a6 7. N5a3 Nf6 8. Nc3
Be7 9. Nc2 O-O 10. Be2 Bd7 11. O-O Rc8 12. b3 h6 13. Bb2 Ne8 14. Nd5 Bg5 15.
Kh1 f5 16. exf5 Bxf5 17. Bg4 Bxg4 18. Qxg4 Nf6 19. Nxf6+ Qxf6 20. Rad1 Rcd8 21.
Rd3 Qf5 22. Qxf5 Rxf5 23. Rdd1 1/2-1/2

[Event "66. BEM 2012"]
[Site "Dortmund"]
[Date "2012.03.13"]
[Round "8.11"]
[White "Simon, Thomas"]
[Black "Hlopotov, Nikita"]
[Result "1-0"]
[WhiteElo "1904"]
[BlackElo "1405"]
[Annotator "P. Schulenburg"]
[PlyCount "63"]
[EventDate "2012.??.??"]
[Source "SG Dortmund"]
[SourceDate "2004.12.16"]

1. d4 d5 2. g3 Nf6 3. c4 e6 4. Bg2 Be7 5. Qc2 Nc6 6. Nf3 Nb4 7. Qd1 c5 8. O-O
O-O 9. dxc5 Bxc5 10. a3 Nc6 11. b4 Be7 12. c5 b6 13. b5 Na5 14. c6 a6 15. a4
Nc4 16. Nfd2 axb5 17. Nc3 bxa4 18. Nxc4 dxc4 19. Qxd8 Bxd8 20. c7 Ra5 21.
cxd8=Q Rxd8 22. Ba3 Nd5 23. Rfd1 Bb7 24. e4 Raa8 25. exd5 exd5 26. Nxd5 Bxd5
27. Bxd5 Rac8 28. Bxc4 g6 29. Rxd8+ Rxd8 30. Be7 Rd7 31. Bf6 Kf8 32. Rxa4 1-0

[Event "66. BEM 2012"]
[Site "Dortmund"]
[Date "2012.03.13"]
[Round "8.12"]
[White "Horenburg, Oliver"]
[Black "Vogt, Christian"]
[Result "1-0"]
[WhiteElo "1762"]
[BlackElo "1499"]
[Annotator "P. Schulenburg"]
[PlyCount "45"]
[EventDate "2012.??.??"]
[Source "SG Dortmund"]
[SourceDate "2004.12.16"]

1. d4 Nf6 2. Nf3 b6 3. e3 Bb7 4. Bd3 e6 5. Nbd2 c5 6. c3 Nc6 7. O-O Be7 8. dxc5
bxc5 9. e4 Qc7 10. Qe2 O-O 11. h3 Rfe8 12. e5 Nd5 13. Nc4 Nb6 14. Bf4 Nxc4 15.
Bxc4 d5 16. Bb5 a6 17. Ba4 a5 18. Qd2 Red8 19. Rac1 d4 20. cxd4 Nxd4 21. Nxd4
Rxd4 22. Qxd4 cxd4 23. Rxc7 1-0

[Event "66. BEM 2012"]
[Site "Dortmund"]
[Date "2012.03.13"]
[Round "8.13"]
[White "Grawe, Herbert"]
[Black "Ziemek, Gerhard"]
[Result "0-1"]
[WhiteElo "1385"]
[BlackElo "1669"]
[Annotator "P. Schulenburg"]
[PlyCount "62"]
[EventDate "2012.??.??"]
[Source "SG Dortmund"]
[SourceDate "2004.12.16"]

1. Nc3 e5 2. e4 Nf6 3. Bc4 Nc6 4. a3 Be7 5. f4 exf4 6. Nf3 O-O 7. O-O d6 8. d4
Nxe4 9. Nd5 Nf6 10. Nxe7+ Qxe7 11. Re1 Qd8 12. d5 Ne7 13. Bxf4 Ng6 14. Bg5 h6
15. Bd2 c6 16. dxc6 bxc6 17. Bb4 c5 18. Bc3 Bb7 19. g3 Ne4 20. Rxe4 Bxe4 21.
Nd2 Bc6 22. Qf1 d5 23. Ba2 d4 24. Ba5 Qxa5 25. Nc4 Qc7 26. Qf5 Rae8 27. Qxc5
Qd7 28. Nd6 Re2 29. Kf1 Rxh2 30. Bd5 Qh3+ 31. Ke1 Qxg3+ 0-1

[Event "66. BEM 2012"]
[Site "Dortmund"]
[Date "2012.03.13"]
[Round "8.14"]
[White "Siwy, Boguslaw"]
[Black "Gennat, Egon L"]
[Result "0-1"]
[WhiteElo "1403"]
[BlackElo "1490"]
[Annotator "P. Schulenburg"]
[PlyCount "108"]
[EventDate "2012.??.??"]
[Source "SG Dortmund"]
[SourceDate "2004.12.16"]

1. e4 e6 2. d4 c5 3. c3 d5 4. e5 Nc6 5. Nf3 Qb6 6. Bd3 cxd4 7. cxd4 Bd7 8. Bc2
Nh6 9. Bxh6 gxh6 10. b3 Bb4+ 11. Kf1 Be7 12. a3 Na5 13. Nc3 Rc8 14. b4 Rxc3 15.
bxa5 Qxa5 16. a4 Qc7 17. Bd3 O-O 18. g3 f5 19. Kg2 a6 20. Qe2 Rc8 21. Rhb1 Ra3
22. Rxa3 Bxa3 23. Qa2 Be7 24. Ng1 Rb8 25. Ne2 b5 26. Nf4 Kf7 27. Qe2 Bg5 28.
axb5 Bxf4 29. gxf4 axb5 30. Qh5+ Kg7 31. Qh4 b4 32. Qf6+ Kg8 33. Qxh6 (33. Rg1
Be8 34. Qxe6+ $18) 33... Qd8 34. Kh1 Be8 35. Qxe6+ Bf7 36. Qxf5 Qh4 37. Rg1+
Kf8 38. e6 Qh5 39. Rg8+ $4 Kxg8 40. exf7+ Qxf7 41. Qg5+ Kf8 42. Qh6+ Ke7 43.
Qg5+ Kd7 44. Qe5 Rb6 45. Bf5+ Kc6 46. Be6 Qf8 47. Qxd5+ Kc7 48. Qd7+ Kb8 49.
Bd5 Qc8 50. Qa4 Qc1+ 51. Kg2 Rg6+ 52. Kh3 Qf1+ 53. Kh4 Qxf2+ 54. Kh3 Qf1+ 0-1

[Event "66. BEM 2012"]
[Site "Dortmund"]
[Date "2012.03.13"]
[Round "8.15"]
[White "Zachos, Ingo"]
[Black "Heselmeyer, Wolfgang"]
[Result "0-1"]
[WhiteElo "1851"]
[BlackElo "1349"]
[Annotator "P. Schulenburg"]
[PlyCount "84"]
[EventDate "2012.??.??"]
[Source "SG Dortmund"]
[SourceDate "2004.12.16"]

1. a4 e6 2. a5 a6 3. e3 Nf6 4. f4 Nc6 5. c3 Be7 6. Nf3 d6 7. d4 O-O 8. Bd3 h6
9. Nbd2 d5 10. O-O Ng4 11. Qe2 f5 12. h3 Nf6 13. Ne5 Nxe5 14. fxe5 Nh7 15. Nf3
Bd7 16. Bd2 Be8 17. b4 Ng5 18. Nxg5 Bxg5 19. Rab1 c6 20. Be1 Bg6 21. Bg3 Qe8
22. Bf4 Bxf4 23. Rxf4 Bh5 24. g4 g5 25. Rff1 Bg6 26. Qc2 Qd7 27. Rf2 Qh7 28.
Rbf1 Rf7 29. gxf5 Bxf5 30. Bxf5 exf5 31. Rxf5 Raf8 32. e4 Rxf5 33. exf5 Re8 34.
Qd3 Re7 35. Kg2 h5 36. Qg3 Rg7 37. e6 g4 38. f6 Qe4+ 39. Kh2 Rg6 40. hxg4 Rxg4
41. f7+ Kh7 42. f8=Q Rh4+ {und Weiss, der einen unmoeglichen, aber folgenlosen
Damenzug nach g7 notierte, gab hier aus unerfindlichen Gruenden die Partie auf.
Nach dem Schlagen des gegnerischen Turms gewaenne er leicht.} 0-1

[Event "66. BEM 2012"]
[Site "Dortmund"]
[Date "2012.03.13"]
[Round "8.16"]
[White "Jentzsch, Werner Wilfried"]
[Black "Schultz, Bernfried"]
[Result "0-1"]
[WhiteElo "1317"]
[BlackElo "1739"]
[Annotator "P. Schulenburg"]
[PlyCount "82"]
[EventDate "2012.??.??"]
[Source "SG Dortmund"]
[SourceDate "2004.12.16"]

1. d4 Nf6 2. Nc3 d5 3. Bf4 c6 4. f3 Nh5 5. Bg3 Nxg3 6. hxg3 Qd6 7. e4 Qxg3+ 8.
Kd2 g6 9. Nge2 Qd6 10. e5 Qb4 11. b3 h5 12. a3 Bh6+ 13. Ke1 Qa5 14. b4 Qc7 15.
g3 Bf5 16. Bh3 Qd7 17. Bxf5 Qxf5 18. f4 Nd7 19. Qd3 Qe6 20. Kd2 Nb6 21. Nd1
Nc4+ 22. Kc3 a5 23. Ne3 axb4+ 24. axb4 Ra3+ 25. Rxa3 Nxa3 26. Ra1 Nb5+ 27. Kb3
O-O 28. Nc3 Nc7 29. Ra7 Qc8 30. Qf1 Qb8 31. Qa1 Na6 32. Rxa6 bxa6 33. Qxa6 Qa8
34. Qb6 Rb8 35. Qc5 e6 36. Na4 Bf8 37. Qc3 Rxb4+ 38. Qxb4 Bxb4 39. Kxb4 Qb7+
40. Kc3 Qb5 41. Nc5 Qe2 0-1

[Event "66. BEM 2012"]
[Site "Dortmund"]
[Date "2012.03.13"]
[Round "8.17"]
[White "Koch, Detlev"]
[Black "Gegner, Michael"]
[Result "0-1"]
[WhiteElo "1341"]
[BlackElo "1613"]
[Annotator "P. Schulenburg"]
[PlyCount "52"]
[EventDate "2012.??.??"]
[Source "SG Dortmund"]
[SourceDate "2004.12.16"]

1. d4 Nf6 2. c4 e5 3. dxe5 Ne4 4. a3 d6 5. Nf3 Nc6 6. e3 f6 7. exf6 Qxf6 8.
Nbd2 Nc5 9. Nb3 Bg4 10. Be2 O-O-O 11. Nfd2 Bf5 12. Bg4 Nd3+ 13. Ke2 Bxg4+ 14.
f3 Bf5 15. e4 Nf4+ 16. Kf2 Bd7 17. Qc2 Ne5 18. g3 Nfd3+ 19. Kg2 Be7 20. f4
Nxf4+ 21. gxf4 Qg6+ 22. Kf2 Bh4+ 23. Ke3 Qg2 24. Rf1 Bg4 25. fxe5 dxe5 26. Qc3
Qe2# 0-1

[Event "66. BEM 2012"]
[Site "Dortmund"]
[Date "2012.03.13"]
[Round "8.18"]
[White "Wangrin, Stefan A"]
[Black "Reinacher, Detlev"]
[Result "0-1"]
[WhiteElo "1165"]
[BlackElo "1650"]
[Annotator "P. Schulenburg"]
[PlyCount "112"]
[EventDate "2012.??.??"]
[Source "SG Dortmund"]
[SourceDate "2004.12.16"]

1. c4 Nf6 2. Nc3 d6 3. e4 g6 4. d3 c6 5. b3 Bg7 6. Bb2 Nbd7 7. Nf3 Qc7 8. Be2
a6 9. a4 b6 10. d4 Bb7 11. Bd3 O-O 12. h4 e5 13. Ne2 exd4 14. Bxd4 c5 15. Bxf6
Nxf6 16. h5 Nxh5 17. Ng3 Nxg3 18. fxg3 Bxa1 19. Qxa1 f6 20. O-O Rae8 21. Re1
Re6 22. Kf2 Qe7 23. Qb1 Re8 24. e5 fxe5 25. Be4 Rd8 26. Bd5 {(=)} 26... Bxd5
27. cxd5 Rf6 28. Kg1 Rf7 29. Qe4 Rdf8 30. Qh4 Qxh4 31. gxh4 Rxf3 32. gxf3 Rxf3
33. Rb1 Rd3 34. b4 c4 35. Rc1 b5 36. Kf2 Rxd5 37. axb5 axb5 38. Ke3 Rd4 39. Ra1
c3 40. Rc1 Rxh4 41. Kd3 Rxb4 42. Ra1 Rc4 43. Ra8+ Kg7 44. Kc2 d5 45. Ra5 Rc5
46. Ra7+ Kh6 47. Ra1 d4 48. Rh1+ Kg7 49. Rh3 e4 50. Rh1 d3+ 51. Kc1 b4 52. Rg1
e3 53. Kd1 c2+ 54. Kc1 d2+ 55. Kb2 c1=Q+ 56. Kb3 Qa3# 0-1

[Event "66. BEM 2012"]
[Site "Dortmund"]
[Date "2012.03.13"]
[Round "8.19"]
[White "Skoecz, Horst"]
[Black "Duschek, Günter"]
[Result "1/2-1/2"]
[WhiteElo "1164"]
[BlackElo "1580"]
[Annotator "P. Schulenburg"]
[PlyCount "57"]
[EventDate "2012.??.??"]
[Source "SG Dortmund"]
[SourceDate "2004.12.16"]

1. e4 d5 2. exd5 Qxd5 3. Nc3 Qd8 4. Bc4 e6 5. Nf3 c6 6. O-O Nf6 7. d4 Be7 8.
Bd3 b6 9. Re1 Ba6 10. Bxa6 Nxa6 11. a3 Rc8 12. Qd3 Nc7 13. Ne5 Ncd5 14. Nxd5
Nxd5 15. Qf3 O-O 16. c3 c5 17. c4 Nf6 18. Nc6 Qc7 19. Nxe7+ Qxe7 20. d5 Qd7 21.
Bg5 Ne8 22. Qg3 Nc7 23. Bf6 Ne8 24. Bh4 Qc7 25. Qe3 Nd6 26. dxe6 fxe6 27. Qxe6+
Nf7 28. Bg3 Qc6 29. Rad1 1/2-1/2

[Event "66. BEM 2012"]
[Site "Dortmund"]
[Date "2012.03.13"]
[Round "8.20"]
[White "Strotmann, Dieter"]
[Black "Benke, Werner"]
[Result "0-1"]
[WhiteElo "1362"]
[BlackElo "1518"]
[Annotator "P. Schulenburg"]
[PlyCount "88"]
[EventDate "2012.??.??"]
[Source "SG Dortmund"]
[SourceDate "2004.12.16"]

1. Nf3 Nf6 2. g3 b6 3. Bg2 Bb7 4. d4 e6 5. O-O Be7 6. Bg5 d6 7. c4 Nbd7 8. Nc3
O-O 9. b4 h6 10. Bxf6 Nxf6 11. Qc2 a6 12. a3 Rc8 13. Qb3 Ba8 14. Rfd1 c6 15. e4
Qc7 16. e5 Nh7 17. exd6 Bxd6 18. c5 bxc5 19. dxc5 Be7 20. Na4 Rcd8 21. Nb6 Bb7
22. Bf1 Nf6 23. Re1 Nd5 24. Nxd5 cxd5 25. Rad1 Bf6 26. Nd4 Bxd4 27. Rxd4 e5 28.
Rdd1 Rfe8 29. Qa4 Qc8 30. Rc1 Qe6 31. c6 Bc8 32. b5 axb5 33. Bxb5 Re7 34. Qa5
Qd6 35. c7 Rf8 36. Rc6 Qd7 37. Qb6 Qf5 38. Rd6 Qc2 39. Qc6 Rxc7 40. Qxd5 Rc5
41. Rc6 Rxd5 42. Rxc2 Rxb5 43. a4 Ra5 44. Rec1 Bd7 0-1

[Event "66. BEM 2012"]
[Site "Dortmund"]
[Date "2012.03.13"]
[Round "8.21"]
[White "Dirks, Rainer"]
[Black "Krüger, Inge"]
[Result "1/2-1/2"]
[WhiteElo "1120"]
[BlackElo "1303"]
[Annotator "P. Schulenburg"]
[PlyCount "47"]
[EventDate "2012.??.??"]
[Source "SG Dortmund"]
[SourceDate "2004.12.16"]

1. e4 e6 2. Nf3 d5 3. exd5 exd5 4. Be2 Nf6 5. O-O Be7 6. c3 O-O 7. Qc2 Nbd7 8.
d3 h6 9. c4 Bd6 10. h3 b6 11. Nc3 c6 12. cxd5 cxd5 13. Nb5 Bb8 14. Qc6 Nc5 15.
Qxa8 Bb7 16. Qxb8 Qxb8 17. g3 a6 18. Bf4 Qe8 19. Nc3 Qd7 20. Kg2 Re8 21. Ne5
d4+ 22. Ne4 Qd5 23. f3 Ncxe4 24. dxe4 1/2-1/2

[Event "66. BEM 2012"]
[Site "Dortmund"]
[Date "2012.03.13"]
[Round "8.22"]
[White "Schmidt, Andreas N"]
[Black "Böckmann, Lieselotte"]
[Result "1-0"]
[WhiteElo "792"]
[BlackElo "930"]
[Annotator "P. Schulenburg"]
[PlyCount "47"]
[EventDate "2012.??.??"]
[Source "SG Dortmund"]
[SourceDate "2004.12.16"]

1. e4 g6 2. d4 Bg7 3. Nf3 Nf6 4. Nc3 d5 5. e5 Nfd7 6. Nxd5 O-O 7. Bf4 c6 8. Nc3
b5 9. Bd3 Nb6 10. Qd2 e6 11. Bh6 f5 12. Bxg7 Kxg7 13. O-O-O Na6 14. h4 Nd5 15.
Nxd5 Qxd5 16. b3 b4 17. h5 Kg8 18. hxg6 f4 19. Rxh7 Qd8 20. g7 Qe7 21. Rdh1 Bd7
22. gxf8=Q+ Qxf8 23. Rh8+ Kf7 24. R1h7+ 1-0

[Event "66. BEM 2012"]
[Site "Dortmund"]
[Date "2012.03.15"]
[Round "9.1"]
[White "Zelt, Jens"]
[Black "Schmittdiel, Eckhard"]
[Result "1/2-1/2"]
[WhiteElo "1993"]
[BlackElo "2408"]
[Annotator "P. Schulenburg"]
[PlyCount "71"]
[EventDate "2012.??.??"]
[Source "SG Dortmund"]
[SourceDate "2004.12.16"]

1. d4 Nf6 2. e3 g6 3. Nf3 Bg7 4. Be2 O-O 5. O-O b6 6. b3 Bb7 7. Bb2 c5 8. c4 e6
9. Nbd2 Qe7 10. Qc2 Nc6 11. Rac1 d6 12. Rfd1 h6 13. Bc3 e5 14. dxe5 dxe5 15.
Qb2 Nd4 16. Bf1 Nxf3+ 17. Nxf3 e4 18. Ne1 Rfd8 19. Qa1 Ng4 20. Be2 Ne5 21.
Rxd8+ Rxd8 22. Rd1 Re8 23. a4 f5 24. a5 bxa5 25. Qxa5 Nc6 26. Qa1 Bxc3 27. Qxc3
Rd8 28. Rxd8+ Qxd8 29. Kf1 Qd6 30. h3 Bc8 31. f4 exf3 32. Bxf3 Ne5 33. Bd5+ Be6
34. Bxe6+ Qxe6 35. Nd3 Nxd3 36. Qxd3 1/2-1/2

[Event "66. BEM 2012"]
[Site "Dortmund"]
[Date "2012.03.15"]
[Round "9.2"]
[White "Jelica, Mara"]
[Black "Schwarz, Ingo"]
[Result "1-0"]
[WhiteElo "2221"]
[BlackElo "1784"]
[Annotator "P. Schulenburg"]
[PlyCount "69"]
[EventDate "2012.??.??"]
[Source "SG Dortmund"]
[SourceDate "2004.12.16"]

1. e4 d5 2. exd5 Qxd5 3. Nc3 Qa5 4. d4 Nf6 5. Bc4 Bf5 6. Nf3 e6 7. Bd2 Qb6 8.
Bb3 c6 9. Qe2 Be7 10. h3 Nbd7 11. O-O-O Qc7 12. g4 Nxg4 13. hxg4 Bxg4 14. Rdg1
Nf6 15. Ne4 O-O-O 16. Nxf6 Bxf3 17. Qxf3 Bxf6 18. Bf4 Qe7 19. c3 h6 20. Kb1 Qd7
21. Bh2 b6 22. a4 a5 23. Rd1 Qb7 24. Bc2 Qd7 25. Bd3 Kb7 26. Be4 Qc8 27. Rhg1
Rd7 28. Be5 Bxe5 29. dxe5 Rc7 30. Rxg7 Rg8 31. Rxf7 Rxf7 32. Qxf7+ Kb8 33. Bxc6
Rf8 34. Qe7 Rxf2 35. Rd8 1-0

[Event "66. BEM 2012"]
[Site "Dortmund"]
[Date "2012.03.15"]
[Round "9.3"]
[White "Begna, Bozidar"]
[Black "Kropp, Andreas"]
[Result "1-0"]
[WhiteElo "2000"]
[BlackElo "1940"]
[Annotator "P. Schulenburg"]
[PlyCount "47"]
[EventDate "2012.??.??"]
[Source "SG Dortmund"]
[SourceDate "2004.12.16"]

1. e4 d6 2. d4 Nf6 3. Nc3 g6 4. Bc4 Bg7 5. Qe2 Nc6 6. e5 Nxd4 7. exf6 Nxe2 8.
fxg7 Rg8 9. Ngxe2 Rxg7 10. Bh6 Rg8 11. h4 a6 12. O-O-O Bd7 13. Rhe1 e6 14. g3
Qe7 15. Nf4 c6 16. Bg5 Qf8 17. Ncd5 cxd5 18. Nxd5 f6 19. Nxf6+ Kf7 20. Nxd7 Qc8
21. Bxe6+ Kg7 22. Nf6 Qc5 23. Bxg8 Qxf2 24. Re7+ 1-0

[Event "66. BEM 2012"]
[Site "Dortmund"]
[Date "2012.03.15"]
[Round "9.4"]
[White "Rossa, Daniel"]
[Black "Schiefelbusch, Dirk"]
[Result "0-1"]
[WhiteElo "1811"]
[BlackElo "2048"]
[Annotator "P. Schulenburg"]
[PlyCount "96"]
[EventDate "2012.??.??"]
[Source "SG Dortmund"]
[SourceDate "2004.12.16"]

1. e4 c6 2. d4 d5 3. e5 Bf5 4. h4 h5 5. c4 e6 6. Nc3 Nd7 7. cxd5 cxd5 8. Bd3
Bxd3 9. Qxd3 Ne7 10. Nf3 Nc6 11. Bg5 Be7 12. O-O O-O 13. Rac1 Re8 14. Ne2 Nf8
15. Nf4 g6 16. Rfd1 Rc8 17. a3 Qb6 18. Rc2 Rc7 19. Rdc1 Rec8 20. Bxe7 Nxe7 21.
b4 Nf5 22. g3 Rxc2 23. Rxc2 Rxc2 24. Qxc2 Nxd4 25. Nxd4 Qxd4 26. Qc7 b5 27. Qb8
a6 28. Qd6 Qa1+ 29. Kg2 Qxa3 30. Nh3 Qd3 31. Ng5 Qf5 32. Nf3 Qe4 33. Qxa6 Qxb4
34. Ng5 Qb1 35. Qb7 Qf5 36. f4 Nh7 37. Nxh7 Kxh7 38. Qxb5 Qc2+ 39. Kg1 Qd1+ 40.
Kf2 Qc2+ 41. Kg1 Kg7 42. Qd7 Qd1+ 43. Kf2 Qd2+ 44. Kg1 Qe3+ 45. Kg2 Qe2+ 46.
Kg1 Qf3 47. Kh2 Qf2+ 48. Kh3 Qg1 0-1

[Event "66. BEM 2012"]
[Site "Dortmund"]
[Date "2012.03.15"]
[Round "9.5"]
[White "Gitschel, Ralf"]
[Black "Raskin, Vitali"]
[Result "1/2-1/2"]
[WhiteElo "1860"]
[BlackElo "1667"]
[Annotator "P. Schulenburg"]
[PlyCount "114"]
[EventDate "2012.??.??"]
[Source "SG Dortmund"]
[SourceDate "2004.12.16"]

1. e4 e5 2. Nf3 Nc6 3. Bb5 d6 4. d4 exd4 5. Nxd4 Bd7 6. Nxc6 bxc6 7. Bd3 g6 8.
O-O Bg7 9. c3 Ne7 10. Bg5 O-O 11. Nd2 h6 12. Bh4 g5 13. Bg3 Ng6 14. Bc2 Ne5 15.
h3 Rb8 16. Rb1 c5 17. f4 gxf4 18. Bxf4 Qh4 19. Bh2 Bb5 20. Nf3 Qe7 21. Nxe5
dxe5 22. Rf2 Rfd8 23. Qh5 Rd6 24. Rf5 f6 25. Qh4 Qe8 26. Bb3+ c4 27. Bd1 Bd7
28. Bh5 Qd8 29. Rf2 Be8 30. Bxe8 Qxe8 31. Qg3 Qa4 32. Rbf1 Kh7 33. a3 Rd1 34.
Qg4 Rxf1+ 35. Rxf1 Qe8 36. Rf2 Qg6 37. Qe2 Qg5 38. Qd2 Rb6 39. Qxg5 hxg5 40.
Kf1 Kg6 41. g4 Rd6 42. Ke1 Rd3 43. Rg2 Rxh3 44. Bg3 Bf8 45. Bf2 a5 46. Ke2 Kf7
47. Rg1 Rh2 48. Kf3 Ke6 49. Kg3 Rh7 50. Rd1 Rd7 51. Rxd7 Kxd7 52. Kf3 Kc6 53.
Ke2 Kb5 54. Kd1 Bc5 55. Be1 Be3 56. Kc2 Ka4 57. Bg3 Bf4 {(=)} 1/2-1/2

[Event "66. BEM 2012"]
[Site "Dortmund"]
[Date "2012.03.15"]
[Round "9.6"]
[White "Sonntag, Joachim"]
[Black "Lauche, Christoph"]
[Result "0-1"]
[WhiteElo "1752"]
[BlackElo "1841"]
[Annotator "P. Schulenburg"]
[PlyCount "52"]
[EventDate "2012.??.??"]
[Source "SG Dortmund"]
[SourceDate "2004.12.16"]

1. e4 c5 2. Nf3 Nc6 3. d4 cxd4 4. Nxd4 e5 5. Nb5 a6 6. Nd6+ Bxd6 7. Qxd6 Qf6 8.
Qd3 Nge7 9. Nc3 d5 10. Nxd5 Nxd5 11. Qxd5 Be6 12. Qc5 Qg6 13. f3 Nd4 14. Rb1
Rc8 15. Qxe5 Nxc2+ 16. Kf2 O-O 17. Bd2 Bxa2 18. Rc1 Qb6+ 19. Kg3 Rc5 20. Qe7
Rc6 21. Qe5 Rg6+ 22. Kh3 Be6+ 23. g4 Qf2 24. Qc3 h5 (24... Ne3 $142 $1 $19 25.
Qxe3 Rh6+ 26. Qxh6 Qxf3+ 27. Kh4 Qxg4#) 25. Be2 hxg4+ 26. fxg4 Qxe2 0-1